000 00646nam a2200241Ia 4500
003 OSt
005 20221007072633.0
006 a|||||r|||| 00| 0
007 ta
008 221006b |||||||| |||| 00| 0 eng d
024 _a7,837
037 _cTextual
040 _aFLL
_cFLL
_beng
041 _2eng
_aeng
082 _aZ3:P111k, H7
100 _aOsborn P.G. Au.
_9691111
245 0 _aLaw dictionary for students and practitioners
250 _a3rd
260 _aLondon
_bSweet & Maxwell ltd. London
_c1947
300 _a358p
_ccm.
942 _hZ3:P111k, H7
_cTEXL
_2CC
999 _c1146614
_d1146614